Manual d'utilització de l'Índex d'Hàbitat Fluvial (IHF) / Narcís Prat i Fornells, Pau Fortuño i Estrada, Maria Rieradevall i Sant
Publicado:
Barcelona :
Diputació de Barcelona. Àrea d'Espais Naturals. Oficina Tècnica d'Acció Territorial ,
2009
Descripción Física:
25 p., [10] f. : il. col. ; 21 cm
MARC
| LEADER | 00000nam a2200000Ia 4500 | ||
|---|---|---|---|
| 001 | 22172 | ||
| 003 | BGR | ||
| 005 | 20260324175803.0 | ||
| 008 | 160829s2009 xx 000 0 cat d | ||
| 080 | |a FU-49-82 | ||
| 100 | 1 | |a Prat i Fornells, Narcís |9 38638 | |
| 245 | |a Manual d'utilització de l'Índex d'Hàbitat Fluvial (IHF) / Narcís Prat i Fornells, Pau Fortuño i Estrada, Maria Rieradevall i Sant | ||
| 260 | |a Barcelona : |b Diputació de Barcelona. Àrea d'Espais Naturals. Oficina Tècnica d'Acció Territorial, |c 2009 | ||
| 300 | |a 25 p., [10] f. : |b il. col. ; |c 21 cm | ||
| 650 | |a Índex d'Hàbitat Fluvial |x Manuals, guies, etc. |9 41303 | ||
| 650 | |a Aigua |x Avaluació biològica de la qualitat |9 41304 | ||
| 700 | |a Fortuño i Estrada, Pau |9 41305 | ||
| 700 | 1 | |a Rieradevall i Sant, Maria |9 41306 | |
| 710 | 1 | |a Barcelona (Catalunya : Província). |b Diputació |b Oficina Tècnica d'Acció Territorial |9 52408 | |
| 901 | |a Arxiu | ||
| 942 | |n 1 |2 udc |c MON | ||
| 952 | |0 0 |1 0 |4 0 |6 FU4982 |7 1 |9 50147 |a Arxiu |b Arxiu |d 2016-12-01 |l 0 |o FU-49-82 |p 22172 |r 2016-12-01 00:00:00 |w 2016-12-01 |y ARXIU | ||
| 999 | |c 53989 |d 53989 | ||